LEADER 01007nam0-22003251i-450 001 990007490510403321 005 20190117122701.0 035 $a000749051 035 $aFED01000749051 035 $a(Aleph)000749051FED01 035 $a000749051 100 $a20030814d1949----km-y0itay50------ba 101 0 $aita 102 $aIT 200 1 $aGeologia applicata all' ingegneria$el' esplorazione del sottosuolo, idrogeologia applicata, geomorfologia applicata, geologia delle costruzioni, geologia mineraria$fA. Desio 210 $aMilano$cHoepli$d1949 215 $aXXVIII, 851 p.$cill.$d27 cm 610 0 $aGeologia 700 1$aDesio,$bArdito$f<1897-2001>$028797 801 0$aIT$bUNINA$gRICA$2UNIMARC 901 $aBK 912 $a990007490510403321 952 $aB-03-067$bIst.4304$fILFGE 952 $a13 D 22 18$b19285$fFINBC 952 $aN3/21$b123/L$fDINGE 959 $aILFGE 959 $aFINBC 959 $aDINGE 996 $aGeologia applicata all' ingegneria$9675763 997 $aUNINA LEADER 01079nam a22002531i 4500 001 991000386779707536 005 20040824113040.0 008 040920s1987 it ita 035 $ab13213192-39ule_inst 035 $aARCHE-115943$9ExL 040 $aSet. Economia$bita$cA.t.i. Arché s.c.r.l. Pandora Sicilia s.r.l. 082 04$a657.33 100 1 $aViganó, Alfredo$0374271 245 10$aBilanci e valutazioni di esercizio :$braccolta di casi e di altro materiale didattico /$cAlfredo Viganó, Anna Maria Fellegara 260 $aTorino :$bGiappichelli,$c[1987] 300 $a289 p. ;$c25 cm 650 4$aBilancio$xAnalisi 700 1 $aFellegara, Anna Maria$eauthor$4http://id.loc.gov/vocabulary/relators/aut$0115858 907 $a.b13213192$b22-05-19$c23-09-04 912 $a991000386779707536 945 $aLE025 ECO 657.3 VIG01.01$g1$i2025000163393$lle025$nCatalogato 2019$o-$pE0.00$q-$rl$s- $t0$u0$v0$w0$x0$y.i1386855x$z23-09-04 996 $aBilanci e valutazioni di esercizio$91460404 997 $aUNISALENTO 998 $ale025$b23-09-04$cm$da $e-$fita$git $h0$i1